Historia, teología y ética : la problemática moral de las indias en los autores del siglo XVI /

Bibliographic Details
Main Author: Moreno Rejón, F.
Format: Analitica de revista
Language:Spanish

MARC

LEADER 00000cab a2200000 a 4500
001 036651
003 UAHC_CL
005 20170803124024.0
008 041203s1995 cl 000 spa
040 |a UAHC_CL  |c UAHC_CL  |d UAHC_CL 
100 1 |a Moreno Rejón, F. 
245 1 0 |a Historia, teología y ética :  |b la problemática moral de las indias en los autores del siglo XVI /  |c F. Moreno Rejón. 
300 |a p. 191-200 
500 |a En: Persona y sociedad, 1995, vol.6, nû2 y 3, p.191-200. ISSN 0716-730X 
500 |a En: Persona y sociedad, 1995, vol.6, n°2 y 3, p.191-200. ISSN 0716-730X 
500 |a En: Persona y sociedad, 1995, vol.6, nç2 y 3, p.191-200. ISSN 0716-730X 
759 |a PP101 
773 0 |t Persona y sociedad : revista de ILADES.  |w 036604 
900 |a PERS. SOC.-02-03/90 
942 |c REVA 
952 |0 0  |1 0  |4 0  |6 PERS___SOC_0203_90_000000000000000  |7 0  |8 General  |9 69619  |a BC  |b BC  |c General  |d 2017-08-03  |l 0  |o PERS. SOC.-02-03/90  |p FICTICIO5156  |r 2019-01-08 00:00:00  |t 1  |w 2017-08-03  |y REVA 
999 |c 36651  |d 36651